Industrial hydraulics (Record no. 7178)

000 -LEADER
fixed length control field 00551nam a2200205 i 4500
001 - CONTROL NUMBER
control field 7178
003 - CONTROL NUMBER IDENTIFIER
control field BD-DhUET
008 - FIXED-LENGTH DATA ELEMENTS--GENERAL INFORMATION
fixed length control field 780705s1979 nyua 001 0 eng
020 ## - INTERNATIONAL STANDARD BOOK NUMBER
International Standard Book Number 070664773
040 ## - CATALOGING SOURCE
Original cataloging agency DLC
Transcribing agency DLC
Modifying agency BD-DhUET
082 00 - DEWEY DECIMAL CLASSIFICATION NUMBER
Classification number 621.2
Item number PIP/1980
100 1# - MAIN ENTRY--PERSONAL NAME
Personal name Pippenger, John J.
245 10 - TITLE STATEMENT
Title Industrial hydraulics
Statement of responsibility, etc. by John J. Pippenger and Tyler G. Hicks
250 ## - EDITION STATEMENT
Edition statement 3d ed.
260 ## - PUBLICATION, DISTRIBUTION, ETC. (IMPRINT)
Place of publication, distribution, etc. New York
Name of publisher, distributor, etc. McGraw-Hill
Date of publication, distribution, etc. 1980
300 ## - PHYSICAL DESCRIPTION
Extent vi, 440 p.
Other physical details ill.
Dimensions 25 cm.
650 #0 - SUBJECT ADDED ENTRY--TOPICAL TERM
Topical term or geographic name as entry element Hydraulic machinery
700 ## - ADDED ENTRY--PERSONAL NAME
Personal name Hicks, Tyler G.
942 ## - ADDED ENTRY ELEMENTS (KOHA)
Koha item type General Book
Holdings
Withdrawn status Source of classification or shelving scheme Koha date last seen Location (home branch) Price effective from Sublocation or collection (holding branch) Koha item type Shelving location Date acquired Piece designation (barcode) Lost status Not for loan Damaged status Koha full call number Copy number Koha normalized classification for sorting
  2014-12-07Central Library, BUET2014-12-07Central Library, BUETContented Book Circulation section2014-12-0759770   621.2 /PIP/19804621_200000000000000_PIP1980
  2014-12-07Central Library, BUET2014-12-07Central Library, BUETContented Book Circulation section2014-12-0759771   621.2 /PIP/19805621_200000000000000_PIP1980
  2014-12-07Central Library, BUET2014-12-07Central Library, BUETContented Book Circulation section2014-12-0759772   621.2 /PIP/19806621_200000000000000_PIP1980
  2014-12-07Central Library, BUET2014-12-07Central Library, BUETContented Book Circulation section2014-12-0756769   621.2 /PIP/19801621_200000000000000_PIP1980
  2014-12-07Central Library, BUET2014-12-07Central Library, BUETContented Book Circulation section2014-12-0759773   621.2 /PIP/19807621_200000000000000_PIP1980
  2014-12-07Central Library, BUET2014-12-07Central Library, BUETContented Book Circulation section2014-12-0759776   621.2 /PIP/198010621_200000000000000_PIP1980
  2014-12-07Central Library, BUET2014-12-07Central Library, BUETContented Book Circulation section2014-12-0756770   621.2 /PIP/19802621_200000000000000_PIP1980
  2014-12-07Central Library, BUET2014-12-07Central Library, BUETContented Book Circulation section2014-12-0759775   621.2 /PIP/19809621_200000000000000_PIP1980
  2014-12-07Central Library, BUET2014-12-07Central Library, BUETContented Book Circulation section2014-12-0759769   621.2 /PIP/19809621_200000000000000_PIP1980
  2014-12-07Central Library, BUET2014-12-07Central Library, BUETContented Book Circulation section2014-12-0759777   621.2 /PIP/198011621_200000000000000_PIP1980
  2015-06-16Central Library, BUET2015-06-16Central Library, BUETReading ItemReading section2015-06-1659778   621.2/PIP/198012621_200000000000000_PIP_1980